Online Catalogue and eLibrary

Women and the Arts (Record no. 3053)

MARC details
000 -LEADER
fixed length control field 00385nam a2200169Ia 4500
005 - DATE AND TIME OF LATEST TRANSACTION
control field 20240906022042.0
008 - FIXED-LENGTH DATA ELEMENTS--GENERAL INFORMATION
fixed length control field 240331s9999 xx 000 0 und d
020 ## - INTERNATIONAL STANDARD BOOK NUMBER
ISBN 1852105046
082 ## - DDC Classification
Item Number - Author Mark SPR
Class No. 700.880
100 ## - MAIN ENTRY--PERSONAL NAME
Personal name Sproule, A
245 #0 - TITLE STATEMENT
Title Women and the Arts
260 ## - PUBLICATION, DISTRIBUTION, ETC.
Place of publication, distribution, etc. England
Name of publisher, distributor, etc. Wayland Limited
Date of publication, distribution, etc. 1989
300 ## - PHYSICAL DESCRIPTION
Extent (e.g. Volumes, Pages etc.) 48 p .,
650 ## - SUBJECT ADDED ENTRY--TOPICAL TERM
Topical term or geographic name entry element Women
650 ## - SUBJECT ADDED ENTRY--TOPICAL TERM
Topical term or geographic name entry element Arts
942 ## - Koha item type (Biblio)
Koha item type Books in Stacks (Lending)
Holdings
Lost status Damaged status Collection code Home library Current library Shelving location Date acquired Full call number Accession Number Item type
    Lending WERC Library WERC Library Social Science Cupboard 03/31/2024 700.88042 SPR 2282 Books in Stacks (Lending)

© WERC Library